00413nam a2200145Ia 45000010006000000050017000060080041000230410008000640820018000721000022000902450130001122600009002426500008002516540008002592256220260414150839.0260414t2011||||xx |||||||||||||| ||spa|| aESP a621.382bN566 aNoor, SohaileAUT 0aLDPC Code construction and performance evaluation :bconstruction and performance evaluation of LDPC codes over finite fields c2011 aTCA aCET